[Event "4NCL Online Division 5"]
[Site "online"]
[Date "2020.06.02"]
[Round "9.18"]
[White "Pordes, Ben"]
[Black "Martellotta, Gabriele"]
[Result "0-1"]
[WhiteElo "1555"]
[BlackElo "1390"]
[PlyCount "102"]
[EventDate "2020.06.02"]
[WhiteTeam "Uxbridge Knights 2"]
[BlackTeam "Uxbridge Knights 3"]

1. d4 d5 2. c4 Nf6 3. cxd5 Nxd5 4. e4 Nb6 5. Nf3 Bg4 6. Nc3 e6 7. h3 Bh5 8. Be2
Be7 9. O-O O-O 10. Bf4 c6 11. Rc1 N8d7 12. e5 Bg6 13. Qd2 f6 14. Rcd1 Nd5 15.
Nxd5 cxd5 16. Nh4 Be4 17. f3 Bg6 18. Nxg6 hxg6 19. Bd3 f5 20. g4 Qb6 21. Bb1
Bb4 22. Qe2 Rac8 23. Qf2 Be7 24. gxf5 gxf5 25. Kh1 Kf7 26. Rg1 Rh8 27. Qg2 Rcg8
28. Qg6+ Kf8 29. Rg3 Bh4 30. Rg2 Ke7 31. Bg5+ Bxg5 32. Qxg5+ Ke8 33. Kh2 Nf8
34. Rc2 Kd7 35. b3 Nh7 36. Qg6 Ke7 37. Rdc1 Nf8 38. Rc7+ Nd7 39. Rxd7+ Kxd7 40.
Qf7+ Kd8 41. f4 Re8 42. Bxf5 exf5 43. Qxd5+ Ke7 44. Qf3 Rd8 45. d5 Kf8 46. d6
Rd7 47. Rc8+ Rd8 48. d7 Ke7 49. e6 Kxe6 50. Qe2+ Kxd7 51. Qd3+ Kxc8 0-1

[Event "4NCL Online Division 5"]
[Site "online"]
[Date "2020.06.02"]
[Round "9.25"]
[White "Adiraju, Sumukh"]
[Black "Gauri, Dhairye"]
[Result "1-0"]
[WhiteElo "700"]
[BlackElo "1352"]
[PlyCount "77"]
[EventDate "2020.06.02"]
[WhiteTeam "BBC Foxes"]
[BlackTeam "Uxbridge Knights 4"]

1. e4 e5 2. Nf3 Nc6 3. d4 exd4 4. Bc4 Be7 5. c3 dxc3 6. Nxc3 Nf6 7. e5 Ng8 8.
O-O d6 9. exd6 Bxd6 10. Re1+ Nge7 11. Ng5 O-O 12. Qh5 h6 13. Bxf7+ Kh8 14. Bg6
Nxg6 15. Qxg6 Qxg5 16. Bxg5 hxg5 17. Qxg5 Nd4 18. Qh5+ Kg8 19. Re8 Nc2 20.
Rxf8+ Bxf8 21. Qd5+ Kh8 22. Rc1 Nb4 23. Qd8 Kg8 24. Re1 Nc6 25. Qxc7 a6 26. Re8
Na7 27. Qf4 Nc6 28. Qxf8+ Kh7 29. Qh8+ Kg6 30. Rxc8 Rxc8 31. Qxc8 Ne7 32. Qe6+
Kh7 33. Qxe7 b5 34. f4 b4 35. Na4 b3 36. axb3 a5 37. f5 Kh8 38. f6 Kg8 39.
Qxg7# 1-0

[Event "4NCL Online Division 5"]
[Site "online"]
[Date "2020.06.02"]
[Round "9.26"]
[White "Bhat, Advay"]
[Black "Tran, Le Gia Khuong"]
[Result "0-1"]
[WhiteElo "1157"]
[BlackElo "700"]
[PlyCount "166"]
[EventDate "2020.06.02"]
[WhiteTeam "Uxbridge Knights 4"]
[BlackTeam "BBC Foxes"]

1. d4 d6 2. e4 e6 3. Nf3 Nf6 4. Nc3 Nc6 5. Bg5 Be7 6. Bb5 Bd7 7. O-O h6 8. Bxf6
Bxf6 9. d5 exd5 10. exd5 Ne7 11. Bxd7+ Qxd7 12. Re1 Bxc3 13. bxc3 O-O 14. Qd3
Ng6 15. c4 Rfe8 16. Rxe8+ Rxe8 17. a4 Nf4 18. Qb3 b6 19. Nd4 Ne2+ 20. Nxe2 Rxe2
21. c3 Qe7 22. Qd1 Re5 23. f3 Re3 24. Qd2 Re2 25. Qd1 Re3 26. Qd2 Re2 27. Qc1
Qe3+ 28. Qxe3 Rxe3 29. Ra3 Kh7 30. Kf2 Re7 31. g4 Kg6 32. h4 h5 33. g5 Kf5 34.
Kg3 Re3 35. a5 bxa5 36. Rxa5 Rxc3 37. Rxa7 Rxc4 38. Ra8 Ke5 39. Rf8 f5 40. gxf6
gxf6 41. Rh8 Kxd5 42. Rxh5+ Ke6 43. Rh8 d5 44. Rd8 d4 45. h5 Rc5 46. h6 Rh5 47.
Rxd4 Rxh6 48. Re4+ Kd5 49. Re2 Rg6+ 50. Kf4 c5 51. Rd2+ Kc6 52. Rc2 Kd6 53. Kf5
Rg3 54. f4 Rf3 55. Ke4 Rf1 56. Rc4 Re1+ 57. Kf5 Re6 58. Ra4 Kd5 59. Ra5 Rc6 60.
Rb5 Kd4 61. Rb1 c4 62. Rd1+ Ke3 63. Re1+ Kd2 64. Rh1 c3 65. Rh2+ Ke3 66. Rh3+
Kf2 67. Rh2+ Kg3 68. Rc2 Kf3 69. Rc1 c2 70. Rh1 c1=Q 71. Rxc1 Rxc1 72. Kxf6
Kxf4 73. Kg6 Rc5 74. Kf6 Rc6+ 75. Ke7 Kf5 76. Kd7 Rh6 77. Kc7 Ke5 78. Kb7 Kd5
79. Kc7 Rg6 80. Kd7 Rg7+ 81. Ke8 Ke6 82. Kf8 Ra7 83. Ke8 Ra8# 0-1

[Event "4NCL Online Division 5"]
[Site "online"]
[Date "2020.06.02"]
[Round "9.27"]
[White "Panunzio, Jacopo"]
[Black "Jebananthan, Jeshan"]
[Result "0-1"]
[WhiteElo "700"]
[BlackElo "1060"]
[PlyCount "46"]
[EventDate "2020.06.02"]
[WhiteTeam "BBC Foxes"]
[BlackTeam "Uxbridge Knights 4"]

1. Nf3 d5 2. Nc3 Nf6 3. d4 Nc6 4. Be3 Bf5 5. Bd2 Nb4 6. e3 Nxc2+ 7. Ke2 Nxa1 8.
Qxa1 e6 9. Ke1 Bd6 10. Bb5+ c6 11. Be2 O-O 12. Ne5 h6 13. Kf1 Bb4 14. a3 Bxc3
15. Bxc3 Qe7 16. Bb4 Qe8 17. Bxf8 Qxf8 18. Nd7 Nxd7 19. Qa2 c5 20. dxc5 Qxc5
21. Qb3 Qc1+ 22. Bd1 Nc5 23. Qxb7 Qxd1# 0-1

[Event "4NCL Online Division 5"]
[Site "online"]
[Date "2020.06.02"]
[Round "9.28"]
[White "Cepoi, Gesneria"]
[Black "Wang, Mark"]
[Result "1-0"]
[WhiteElo "1075"]
[BlackElo "700"]
[PlyCount "65"]
[EventDate "2020.06.02"]
[WhiteTeam "Uxbridge Knights 4"]
[BlackTeam "BBC Foxes"]

1. e4 e5 2. Nf3 Nc6 3. Bc4 Bc5 4. Ng5 Qxg5 5. d3 Qf6 6. Qe2 d6 7. O-O Qg6 8. g3
Bg4 9. Qd2 Bb4 10. c3 Bc5 11. d4 exd4 12. cxd4 Nxd4 13. Qd3 Nf3+ 14. Kg2 Ne5
15. Qc2 Bf3+ 16. Kg1 Bxe4 17. Qa4+ c6 18. Nc3 b5 19. Qa6 bxc4 20. Qb7 Nf3+ 21.
Kg2 Nd2+ 22. Kg1 Nxf1 23. Qxa8+ Ke7 24. Qb7+ Ke8 25. Qc8+ Ke7 26. Qc7+ Kf6 27.
Qd8+ Ke6 28. Qe8+ Kf6 29. Nxe4+ Kf5 30. Kxf1 d5 31. Qd7+ Kxe4 32. Qe8+ Kd4 33.
Qe3# 1-0